Mottos by Country - Statistics

General Stats
  • This quiz has been taken 26 times
  • The average score is 4 of 15
Answer Stats
Motto Country % Correct
In God we Trust United States of America
95%
Truth alone triumphs India
64%
Diverse people unite or Unity in Diversity South Africa
41%
Independence, Liberty, Happiness Vietnam
41%
Freedom or Death Greece
36%
The love of liberty brought us here Liberia
32%
I will maintain Netherlands
32%
In Union and Liberty Argentina
23%
Out of many, One People Jamaica
14%
Liberty San Marino
14%
Freedom and order Colombia
9%
God, homeland, and freedom Ecuador
5%
Fear God and honour the Queen Fiji
5%
State of the Mahal Dibiyat Maldives
5%
Fellowship, Justice, Labour Benin
0%
No matching quizzes found
Score Distribution
Percent of People with Each Score
Percentile by Number Answered
Your Score History
You have not taken this quiz